Pokémon par couleur : noir - Statistiques

Statistiques générales
  • Ce quiz a été pris 102 fois
  • Le résultat moyen est 15 sur 20
Statistiques - réponses
Par images Réponse % Correct
Giratina
100%
Zekrom
100%
Branette
96%
Démolosse
96%
Méga-Dracaufeu X
96%
Noctunoir
96%
Rattatac d'Alola
96%
Spoink
96%
Zarbi
96%
Farfuret
95%
Noctali
95%
Cornèbre
93%
Rattata d'Alola
93%
Ronflex
92%
Darkrai
90%
Malosse
89%
Skelénox
89%
Polichombr
88%
Séviper
88%
Goinfrex
86%
Zéblitz
86%
Dimoret
85%
Lugulabre
85%
Mysdibule
85%
Zygarde
85%
Zébibron
84%
Necrozma
83%
Corboss
82%
Qwilfish de Hisui
81%
Tutafeh
81%
Picassaut
78%
Pijako
77%
Kaorine
76%
Prismillon
75%
Tutafeh de Galar
74%
Bazoucan
73%
Téraclope
73%
Charbi
70%
Concombaffe
68%
Lépidonille
68%
Câblifère
67%
Engloutyran
67%
Malamandre
67%
Cryptéro
65%
Mélancolux
65%
Tritox
61%
Pérégrain
59%
Zarude
59%
Piclairon
47%
Wagomine
47%
Qwilpik
46%
Spectreval
43%
Monthracite
39%
Aucun quiz correspondant
Distribution des résultats
% des personnes avec chaque résultat
Percentile par nombre de réponses
Votre historique - résultats
Vous n’avez pas pris ce quiz